Sword of Truth Books Quiz Stats

 Plays Quiz not verified by Sporcle

Also try: Playwrights
Challenge
Share
Tweet
Embed
Score 0/12 Timer 02:00
0 Plays Today
Book Title % Correct
Book 1Wizard's First Rule
96%
Book 11Confessor
89.2%
Book 2Stone of Tears
85.2%
Book 3Blood of the Fold
81.8%
Book 4Temple of the Winds
81.6%
Book 9Chainfire
76.3%
PrequelDebt of Bones
75.9%
Book 7The Pillars of Creation
75.1%
Book 10Phantom
65.7%
Book 6Faith of the Fallen
65.3%
Book 8Naked Empire
62.6%
Book 5Soul of the Fire
59.7%

You're not logged in!

Compare scores with friends on all Sporcle quizzes.
OR
Log In

You Might Also Like...

Show Comments

Extras

Created Sep 23, 2009SourceReportNominate
Tags:Book Quiz, sword, terry, truth

Top Quizzes Today


Score Distribution

Your Account Isn't Verified!

In order to create a playlist on Sporcle, you need to verify the email address you used during registration. Go to your Sporcle Settings to finish the process.

Report this User

Report this user for behavior that violates our Community Guidelines.

Details: